College Quizbowl Stats
College Quizbowl Stats
Circuits
Seasons
Sets
Records
Detailed Stats
About
Loading...
Lower Mid-Atlantic
Tossups
Bonuses
Players
Teams
Categories (Tossup)
Categories (Bonus)
Elokkin Pate-Geames
Yale B
Categories
Category
Powers
Gets
Negs
BBs
Points
Earliest Buzz
Avg. Buzz
First Buzzes
Top 3 Buzzes
BPA
PVF
Science - Chemistry
0
6
1
0
55
62
92.33
0
3
0.00
0.00
Science - Biology
0
3
1
1
25
68
90.33
0
0
0.00
0.00
Literature - American
0
0
0
0
0
0.00
0
0
0.00
0.00
Philosophy
0
0
0
0
0
0.00
0
0
0.00
0.00
Buzzes
Category
Answer
Value
Buzz Position
Science - Chemistry
steel
10
62
Science - Biology
gills
10
68
Science - Biology
tetanus
-5
73
Science - Chemistry
glass
10
74
Science - Chemistry
phosphorus
10
86
Science - Biology
liver
10
89
Science - Chemistry
oxidation state
-5
97
Science - Chemistry
polymers
10
97
Philosophy
Jeremy Bentham
0
111
Science - Chemistry
amines
10
111
Previous
1
2
Next